000 00317nam a22001337a 4500
003 OSt
005 20231127192121.0
008 231127b |||||||| |||| 00| 0 eng d
040 _cCO-JMCR
082 _aDG
_bKINs
100 _aKing Stephen
_eautor
_942193
245 _aDoctor sueƱo /
_cStephen King
942 _2ddc
_cBK
999 _c30353
_d16737